000 00597nam a2200229Ia 4500
003 OSt
005 20220926044526.0
006 a|||||r|||| 00| 0
007 ta
008 220923b |||||||| |||| 00| 0 eng d
037 _cGeneral Book
040 _aRTL
_cRTL
_beng
041 _2eng
_aeng
082 _aV1-1:2, J9
100 _aStewart Michael
_9120680
245 0 _aModern forms of government
260 _c1959
490 _aMinerva series of Students' Handbook. 4.
650 _aHistory
942 _hV1-1:2, J9
_cGB
_2CC
999 _c675102
_d675102